000 00665nam a22001817a 4500
020 _a9780763831899 (pbk.) ;
020 _a9780763831936 (pbk.) ;
050 _aTK5105
_b.I57 2008
100 _aFehl, Alec.
245 _aInternet systems and applications /
_c[by] Alec Fehl and John Marshall Baker.
250 _a2nd edition.
260 _aSt. Paul, MN [USA] :
_bParadigm Publishing Inc.,
_cc2008.
300 _aix, 338 p. (various pagings) ;
500 _aIncludes index.
650 _xInternet -- security measures ;
_xInternet -- access control ;
_xBrowsers (computer programs) ;
_xElectronic mail systems.
700 _aBaker, John Marshall.
942 _2lcc
_cGEN
999 _c7851
_d7851